000 00498nam a2200157 i 4500
001 86387
003 ES-MaACL
007 t|
008 041209s1954 sp ||||1| spa d
100 1 _aKarmel, Ilona.
_967570
245 1 0 _aHabitación número cinco /
_cIlona Karmel ; [versión española de José Luis Z. López Anaya].
260 _aBarcelona :
_bExito,
_c[1954] (
_fDuplex)
300 _a379 p. ;
_c20 cm.
700 1 _aLópez Anaya, José Luis Z.
_973403
852 _aES-MaACL
_jC-8403
_bR.36702
999 _c86387
_d86387